Biggest Cities in Every African Country - Statistics

General Stats
  • This quiz has been taken 14 times
  • The average score is 33 of 53
Answer Stats
Country Answer % Correct
Algeria Algiers
100%
Angola Luanda
92%
Egypt Cairo
85%
Ghana Accra
77%
Ethiopia Addis Ababa
77%
Eritrea Asmara
77%
Central African Republic Bangui
77%
Benin Cotonou
77%
Djibouti Djibouti
77%
Botswana Gaborone
77%
D.R. Congo Kinshasa
77%
Burkina Faso Ouagadougou
77%
Cape Verde Praia
77%
Ivory Coast Abidjan
69%
Madagascar Antananarivo
69%
Guinea-Bissau Bissau
69%
Guinea Conakry
69%
Cameroon Douala
69%
Gabon Libreville
69%
Liberia Monrovia
69%
Comoros Moroni
69%
Kenya Nairobi
69%
Chad N'Djamena
69%
Libya Tripoli
69%
Mali Bamako
62%
Morocco Casablanca
62%
Mozambique Maputo
62%
Lesotho Maseru
62%
Eswatini Mbabane
62%
Niger Niamey
62%
Namibia Windhoek
62%
Burundi Bujumbura
54%
Zimbabwe Harare
54%
South Africa Johannesburg
54%
Rwanda Kigali
54%
Nigeria Lagos
54%
Malawi Lilongwe
54%
Somalia Mogadishu
54%
Mauritania Nouakchott
54%
Mauritius Port Louis
54%
São Tomé and Príncipe São Tomé
54%
Tunisia Tunis
54%
Senegal Dakar
46%
Tanzania Dar es Salaam
46%
Sierra Leone Freetown
46%
South Sudan Juba
46%
Uganda Kampala
46%
Sudan Khartoum
46%
Togo Lomé
46%
Zambia Lusaka
46%
Seychelles Victoria
46%
Equatorial Guinea Bata
15%
Gambia Serrekunda
15%
No matching quizzes found
Score Distribution
Percent of People with Each Score
Percentile by Number Answered
Your Score History
You have not taken this quiz